[Event "Muensterland Regionalliga 2122"]
[Site "Germany"]
[Date "2021.10.02"]
[Round "1.1"]
[White "Pliete, Christian"]
[Black "Rieke, Theo"]
[Result "1/2-1/2"]
[WhiteElo "1849"]
[BlackElo "1954"]
[PlyCount "73"]
[EventDate "2021.??.??"]
[EventType "team"]
[EventRounds "11"]
[EventCountry "GER"]
[SourceTitle "Verband Muensterland"]
[SourceDate "2021.10.03"]
[SourceVersion "1"]
[SourceVersionDate "2021.10.03"]
[SourceQuality "1"]
[WhiteTeam "Raesfeld/Erle II"]
[BlackTeam "Steinfurt"]
[WhiteTeamCountry "GER"]
[BlackTeamCountry "GER"]

1. e4 e5 2. Nf3 Nc6 3. Bc4 Bc5 4. c3 Nf6 5. d4 exd4 6. cxd4 Bb4+ 7. Nc3 Nxe4 8.
O-O Bxc3 9. d5 Bf6 10. Re1 Ne7 11. Rxe4 d6 12. Bg5 Bf5 13. Bb5+ Kf8 14. Rf4
Bxg5 15. Nxg5 h6 16. Nf3 g5 17. Rb4 Ng6 18. Ba4 b6 19. Nd4 Bd7 20. Rc1 Ne5 21.
Bxd7 Qxd7 22. Qc2 Kg7 23. f4 a5 24. Nf5+ Kg6 25. Re4 Qxf5 26. fxe5 dxe5 27. Rf1
Qd7 28. Rxe5+ Kg7 29. Qc3 f6 30. Rxf6 Kxf6 31. Re6+ Kf7 32. Qf6+ Kg8 33. Re7
Qxe7 34. Qxe7 Rh7 35. Qe6+ Kf8 36. Qf6+ Kg8 37. Qe6+ 1/2-1/2

[Event "Muensterland Regionalliga 2122"]
[Site "Germany"]
[Date "2021.10.02"]
[Round "1.2"]
[White "Arning, Marcus"]
[Black "Tuente, Marcel"]
[Result "1-0"]
[WhiteElo "1946"]
[BlackElo "1852"]
[PlyCount "47"]
[EventDate "2021.??.??"]
[EventType "team"]
[EventRounds "11"]
[EventCountry "GER"]
[SourceTitle "Verband Muensterland"]
[SourceDate "2021.10.03"]
[SourceVersion "1"]
[SourceVersionDate "2021.10.03"]
[SourceQuality "1"]
[WhiteTeam "Steinfurt"]
[BlackTeam "Raesfeld/Erle II"]
[WhiteTeamCountry "GER"]
[BlackTeamCountry "GER"]

1. e4 e5 2. Nf3 Nc6 3. Bb5 a6 4. Ba4 b5 5. Bb3 Bc5 6. d3 d6 7. Be3 Bxe3 8. fxe3
Nf6 9. Nc3 O-O 10. O-O Be6 11. Qe1 Bxb3 12. axb3 Ne7 13. Nh4 Ng6 14. Nf5 d5 15.
Qg3 Re8 16. exd5 Nxd5 17. Ne4 Nde7 18. Ng5 Nxf5 19. Rxf5 f6 20. Nxh7 Kxh7 21.
Rh5+ Kg8 22. Qxg6 Qe7 23. Rf1 Qf7 24. Rh8+ 1-0

[Event "Muensterland Regionalliga 2122"]
[Site "Germany"]
[Date "2021.10.02"]
[Round "1.3"]
[White "Fasselt, Hendrik"]
[Black "Yust, Evgeniy"]
[Result "0-1"]
[WhiteElo "1853"]
[BlackElo "1913"]
[PlyCount "104"]
[EventDate "2021.??.??"]
[EventType "team"]
[EventRounds "11"]
[EventCountry "GER"]
[SourceTitle "Verband Muensterland"]
[SourceDate "2021.10.03"]
[SourceVersion "1"]
[SourceVersionDate "2021.10.03"]
[SourceQuality "1"]
[WhiteTeam "Raesfeld/Erle II"]
[BlackTeam "Steinfurt"]
[WhiteTeamCountry "GER"]
[BlackTeamCountry "GER"]

1. b3 f5 2. Bb2 Nf6 3. e3 g6 4. Nf3 Bg7 5. Be2 O-O 6. O-O d6 7. d4 Nbd7 8. c4
Ne4 9. Nbd2 e6 10. Qc2 Ndf6 11. Rac1 c6 12. Rfd1 Qe7 13. h3 b6 14. Nxe4 Nxe4
15. Bd3 Nf6 16. c5 bxc5 17. dxc5 d5 18. Be5 Ne8 19. Qc3 Bb7 20. g3 a5 21. a3
Bxe5 22. Nxe5 Nf6 23. f4 Rfb8 24. Kh2 Nd7 25. g4 Nxe5 26. Qxe5 fxg4 27. f5 Qf7
28. fxg6 g3+ 29. Kxg3 Qg7 30. Qxe6+ Kh8 31. Qg4 Bc8 32. Qh4 Rxb3 33. Qxh7+ Qxh7
34. gxh7 Ba6 35. Bxa6 Rxa6 36. Kf4 Rxa3 37. Rb1 Kxh7 38. Rb7+ Kh6 39. Rdb1 Ra4+
40. Kf3 Rh4 41. R7b6 Rxh3+ 42. Kf2 Ra7 43. Rxc6+ Kg5 44. Rd6 Rh2+ 45. Kg3 Rd2
46. Rc1 Re7 47. Rc3 Kf5 48. c6 Rg7+ 49. Kf3 Rh7 50. Rxd5+ Rxd5 51. e4+ Ke5 52.
c7 Rh3+ 0-1

[Event "Muensterland Regionalliga 2122"]
[Site "Germany"]
[Date "2021.10.02"]
[Round "1.4"]
[White "Santos Brito, Daniel"]
[Black "Broemmel, Chris"]
[Result "0-1"]
[WhiteElo "1913"]
[BlackElo "1831"]
[PlyCount "72"]
[EventDate "2021.??.??"]
[EventType "team"]
[EventRounds "11"]
[EventCountry "GER"]
[SourceTitle "Verband Muensterland"]
[SourceDate "2021.10.03"]
[SourceVersion "1"]
[SourceVersionDate "2021.10.03"]
[SourceQuality "1"]
[WhiteTeam "Steinfurt"]
[BlackTeam "Raesfeld/Erle II"]
[WhiteTeamCountry "GER"]
[BlackTeamCountry "GER"]

1. e4 d5 2. exd5 Qxd5 3. Nc3 Qa5 4. Nf3 Bg4 5. b4 Qh5 6. Be2 c6 7. h3 Bxf3 8.
Bxf3 Qe5+ 9. Qe2 Qxe2+ 10. Bxe2 e6 11. b5 Nf6 12. O-O a6 13. bxa6 Nxa6 14. Rb1
b5 15. Bf3 Nd5 16. Nxd5 exd5 17. Re1+ Kd8 18. c4 bxc4 19. Bb2 Nb4 20. Bc3 Nd3
21. Re2 Bd6 22. Bxg7 Rg8 23. Bf6+ Kc7 24. Bd4 Rab8 25. Ra1 c5 26. Bf6 Rg6 27.
Bh4 Be5 28. Bg3 Rxg3 29. Rxe5 Rxf3 30. Rxd5 Rf6 31. a4 Kc6 32. Rh5 h6 33. f3
Rb2 34. Rh4 Rxd2 35. Rxc4 Rg6 36. g4 Re6 0-1

[Event "Muensterland Regionalliga 2122"]
[Site "Germany"]
[Date "2021.10.02"]
[Round "1.5"]
[White "Terhart, Juergen"]
[Black "Haselhorst, Helmut"]
[Result "1-0"]
[WhiteElo "1783"]
[BlackElo "1980"]
[PlyCount "63"]
[EventDate "2021.??.??"]
[EventType "team"]
[EventRounds "11"]
[EventCountry "GER"]
[SourceTitle "Verband Muensterland"]
[SourceDate "2021.10.03"]
[SourceVersion "1"]
[SourceVersionDate "2021.10.03"]
[SourceQuality "1"]
[WhiteTeam "Raesfeld/Erle II"]
[BlackTeam "Steinfurt"]
[WhiteTeamCountry "GER"]
[BlackTeamCountry "GER"]

1. d4 Nf6 2. Bf4 g6 3. Nf3 Bg7 4. Nc3 d5 5. e3 Bf5 6. Be2 O-O 7. Ne5 Nbd7 8. f3
c6 9. g4 Be6 10. Qd2 Nxe5 11. Bxe5 Qd7 12. O-O-O Rfc8 13. h4 Qe8 14. h5 Qf8 15.
hxg6 hxg6 16. Bd3 Nd7 17. Qh2 f5 18. Bxg7 Qxg7 19. gxf5 Bf7 20. fxg6 Be8 21.
Bf5 Nf8 22. Bxc8 Rxc8 23. Rdg1 Rd8 24. Ne2 Rd6 25. Nf4 Nxg6 26. Rg5 Kf8 27.
Rhg1 Rf6 28. Qg3 Rxf4 29. exf4 Qxd4 30. Rxg6 Bxg6 31. Qxg6 Qxf4+ 32. Kb1 1-0

[Event "Muensterland Regionalliga 2122"]
[Site "Germany"]
[Date "2021.10.02"]
[Round "1.6"]
[White "Janning, Rainer"]
[Black "Kadenbach, Wolfgang"]
[Result "1-0"]
[WhiteElo "1837"]
[BlackElo "1741"]
[PlyCount "67"]
[EventDate "2021.??.??"]
[EventType "team"]
[EventRounds "11"]
[EventCountry "GER"]
[SourceTitle "Verband Muensterland"]
[SourceDate "2021.10.03"]
[SourceVersion "1"]
[SourceVersionDate "2021.10.03"]
[SourceQuality "1"]
[WhiteTeam "Steinfurt"]
[BlackTeam "Raesfeld/Erle II"]
[WhiteTeamCountry "GER"]
[BlackTeamCountry "GER"]

1. f4 e5 2. fxe5 d6 3. exd6 Bxd6 4. Nf3 g5 5. g3 g4 6. Nh4 Ne7 7. d4 Ng6 8.
Nxg6 hxg6 9. Qd3 Nc6 10. c3 Bf5 11. e4 Qe7 12. Bg2 O-O-O 13. O-O Be6 14. Bf4
Bxf4 15. gxf4 Rh4 16. d5 Nb8 17. Rf2 f5 18. Nd2 fxe4 19. Qxe4 Rxd5 20. Re1 Rb5
21. Qxe6+ Qxe6 22. Rxe6 Kd7 23. Rxg6 Rxb2 24. Nf1 Rb1 25. Rd2+ Ke7 26. Rg7+ Kf6
27. Rxc7 Nc6 28. Bxc6 bxc6 29. Rxc6+ Kf5 30. Rc5+ Kxf4 31. Rd4+ Kf3 32. Rf5+
Ke2 33. Re5+ Kf3 34. Re3# 1-0

[Event "Muensterland Regionalliga 2122"]
[Site "Germany"]
[Date "2021.10.02"]
[Round "1.7"]
[White "Boelker, Franz"]
[Black "Schlitter, Klaus"]
[Result "1-0"]
[WhiteElo "1759"]
[BlackElo "1884"]
[PlyCount "61"]
[EventDate "2021.??.??"]
[EventType "team"]
[EventRounds "11"]
[EventCountry "GER"]
[SourceTitle "Verband Muensterland"]
[SourceDate "2021.10.03"]
[SourceVersion "1"]
[SourceVersionDate "2021.10.03"]
[SourceQuality "1"]
[WhiteTeam "Raesfeld/Erle II"]
[BlackTeam "Steinfurt"]
[WhiteTeamCountry "GER"]
[BlackTeamCountry "GER"]

1. d4 Nf6 2. c4 e6 3. Nc3 Bb4 4. Qc2 Nc6 5. Nf3 b6 6. Bg5 h6 7. Bh4 g5 8. Bg3
g4 9. Ne5 Nxd4 10. Qd3 Nf5 11. a3 Bxc3+ 12. Qxc3 Ne4 13. Qc2 Nexg3 14. hxg3 Qg5
15. Qe4 Rb8 16. Qxg4 Rg8 17. Qxg5 hxg5 18. O-O-O f6 19. Ng4 Ke7 20. e4 Nd6 21.
Rh7+ Nf7 22. Nh6 Rf8 23. Be2 Bb7 24. Bh5 Bxe4 25. Rg7 Bc6 26. Nxf7 Rg8 27. Rh7
Be4 28. Rh6 Bxg2 29. f3 Rbf8 30. Rh7 Bxf3 31. Ne5+ 1-0

[Event "Muensterland Regionalliga 2122"]
[Site "Germany"]
[Date "2021.10.02"]
[Round "1.8"]
[White "Schal, Eduard"]
[Black "Suer, Julian"]
[Result "1/2-1/2"]
[WhiteElo "1593"]
[BlackElo "1738"]
[PlyCount "79"]
[EventDate "2021.??.??"]
[EventType "team"]
[EventRounds "11"]
[EventCountry "GER"]
[SourceTitle "Verband Muensterland"]
[SourceDate "2021.10.03"]
[SourceVersion "1"]
[SourceVersionDate "2021.10.03"]
[SourceQuality "1"]
[WhiteTeam "Steinfurt"]
[BlackTeam "Raesfeld/Erle II"]
[WhiteTeamCountry "GER"]
[BlackTeamCountry "GER"]

1. e4 d5 2. exd5 Qxd5 3. Nc3 Qa5 4. d4 Nf6 5. Nf3 Bg4 6. Bc4 e6 7. h3 Bh5 8.
Bd2 c6 9. Qe2 Qc7 10. O-O-O Nbd7 11. g4 Bg6 12. Nh4 O-O-O 13. f4 Bb4 14. Rhf1
Nb6 15. f5 exf5 16. Nxf5 Bxf5 17. Rxf5 Rxd4 18. Bd3 Rdd8 19. a3 Bd6 20. Qf2 h6
21. Rg1 Kb8 22. h4 Rd7 23. g5 Nfd5 24. gxh6 gxh6 25. Rg7 f6 26. Nxd5 Nxd5 27.
Rxd7 Qxd7 28. c4 Nc7 29. Rxf6 Be7 30. Bf5 Qd8 31. Rxh6 Rxh6 32. Bxh6 Bxh4 33.
Qf4 Qe7 34. Kb1 Bf6 35. Qh2 Be5 36. Bf4 Bxf4 37. Qxf4 a6 38. Ka2 Ka7 39. Qf2+
Kb8 40. Qf4 1/2-1/2

[Event "Muensterland Regionalliga 2122"]
[Site "Germany"]
[Date "2021.10.02"]
[Round "1.1"]
[White "Wensing, Maximilian"]
[Black "Schroer, Klaus"]
[Result "1-0"]
[WhiteElo "2054"]
[BlackElo "1975"]
[PlyCount "57"]
[EventDate "2021.??.??"]
[EventType "team"]
[EventRounds "11"]
[EventCountry "GER"]
[SourceTitle "Verband Muensterland"]
[SourceDate "2021.10.03"]
[SourceVersion "1"]
[SourceVersionDate "2021.10.03"]
[SourceQuality "1"]
[WhiteTeam "Ahaus Wessum"]
[BlackTeam "Borken"]
[WhiteTeamCountry "GER"]
[BlackTeamCountry "GER"]

1. c4 b6 2. Nc3 c5 3. e4 Nc6 4. Nge2 e5 5. g3 g6 6. Bg2 Bg7 7. O-O Nh6 8. f4 f6
9. fxe5 fxe5 10. Nd5 Nf7 11. a3 d6 12. b4 Bg4 13. h3 Be6 14. Nec3 O-O 15. d3
Qd7 16. Kh2 Nh8 17. b5 Nd4 18. Rxf8+ Rxf8 19. Be3 Nf7 20. a4 Nh6 21. a5 Bg4 22.
hxg4 Nxg4+ 23. Kg1 h5 24. axb6 axb6 25. Ra2 Qf7 26. Bg5 Nf2 27. Qf1 Nh3+ 28.
Bxh3 Nf3+ 29. Kh1 1-0

[Event "Muensterland Regionalliga 2122"]
[Site "Germany"]
[Date "2021.10.02"]
[Round "1.2"]
[White "Beckmann, David"]
[Black "Schulze Ameling, Hendrik"]
[Result "1-0"]
[WhiteElo "2003"]
[BlackElo "2012"]
[PlyCount "95"]
[EventDate "2021.??.??"]
[EventType "team"]
[EventRounds "11"]
[EventCountry "GER"]
[SourceTitle "Verband Muensterland"]
[SourceDate "2021.10.03"]
[SourceVersion "1"]
[SourceVersionDate "2021.10.03"]
[SourceQuality "1"]
[WhiteTeam "Borken"]
[BlackTeam "Ahaus Wessum"]
[WhiteTeamCountry "GER"]
[BlackTeamCountry "GER"]

1. d4 e6 2. Nf3 f5 3. g3 Nf6 4. Bg2 d5 5. O-O c6 6. c4 Be7 7. Nc3 O-O 8. b3
Nbd7 9. cxd5 exd5 10. Bb2 Ne4 11. Ne1 Bg5 12. Nd3 Re8 13. f4 Bf6 14. Nxe4 fxe4
15. Ne5 Nf8 16. e3 Qb6 17. Qh5 g6 18. Qe2 Qb5 19. Qf2 Bg7 20. h3 c5 21. Rfc1
Ne6 22. Bf1 Qa5 23. Bc3 Qa3 24. Qd2 cxd4 25. exd4 Qd6 26. Bb5 Rf8 27. Bb4 e3
28. Bxd6 exd2 29. Rd1 Nxd4 30. Bxf8 Bxe5 31. fxe5 Kxf8 32. Bd3 Bxh3 33. Kf2 Nc6
34. Rxd2 Nxe5 35. Bf1 Be6 36. Re1 Ng4+ 37. Kg1 Kf7 38. Bh3 Rd8 39. Bxg4 Bxg4
40. Rf2+ Kg8 41. Re7 d4 42. Rxb7 d3 43. Rd2 Be2 44. Rxa7 Rc8 45. Rd7 Ra8 46.
Re7 Rc8 47. Kf2 g5 48. Rexe2 1-0

[Event "Muensterland Regionalliga 2122"]
[Site "Germany"]
[Date "2021.10.02"]
[Round "1.3"]
[White "Rosing, Hermann"]
[Black "Vijayakumaran, Vithoosan"]
[Result "1/2-1/2"]
[WhiteElo "1988"]
[BlackElo "1757"]
[PlyCount "174"]
[EventDate "2021.??.??"]
[EventType "team"]
[EventRounds "11"]
[EventCountry "GER"]
[SourceTitle "Verband Muensterland"]
[SourceDate "2021.10.03"]
[SourceVersion "1"]
[SourceVersionDate "2021.10.03"]
[SourceQuality "1"]
[WhiteTeam "Ahaus Wessum"]
[BlackTeam "Borken"]
[WhiteTeamCountry "GER"]
[BlackTeamCountry "GER"]

1. e4 d5 2. exd5 Qxd5 3. Nc3 Qd6 4. d4 Nf6 5. Bc4 a6 6. Be3 b5 7. Bb3 Bb7 8.
Nf3 Nbd7 9. Qe2 e6 10. O-O-O b4 11. Na4 Bd5 12. Rhg1 Bxb3 13. axb3 Nd5 14. Nd2
N7b6 15. Nc4 Qc6 16. Ne5 Qd6 17. Qf3 Qe7 18. Bd2 Nd7 19. Nc6 Qf6 20. Qe4 Bd6
21. g3 O-O 22. f4 a5 23. Rgf1 Ra6 24. Ne5 Qd8 25. f5 N7f6 26. Qe2 Ra8 27. fxe6
fxe6 28. Rde1 Re8 29. g4 Bxe5 30. Qxe5 Qd6 31. Qe2 Nd7 32. g5 e5 33. Qc4 Kh8
34. g6 N7b6 35. Nxb6 Nxb6 36. dxe5 Qxd2+ 37. Kxd2 Nxc4+ 38. bxc4 Rad8+ 39. Kc1
Rd4 40. b3 hxg6 41. Rf7 a4 42. Rxc7 axb3 43. cxb3 Rd3 44. Kc2 Rc3+ 45. Kb2 Rd8
46. Re2 Rdd3 47. Ra7 Rxb3+ 48. Ka2 Re3 49. Rc2 Rbd3 50. Kb2 Rxe5 51. Rb7 Kg8
52. Rxb4 Kf8 53. Rb7 Re7 54. Rb6 g5 55. c5 Rdd7 56. Kb3 Ke8 57. Kb4 Kd8 58. c6
Ra7 59. Kc5 Kc7 60. Rcb2 Re5+ 61. Kd4 Rea5 62. Rb7+ Rxb7 63. cxb7 Kb8 64. Ke4
Rc5 65. Kf3 Rc4 66. Kg3 Rd4 67. Rb5 Rd7 68. Kg4 Rd2 69. h3 Rg2+ 70. Kf3 Rg1 71.
Rb4 Rf1+ 72. Kg2 Rf7 73. Kg3 Rf1 74. Rb3 Rf4 75. Rf3 Rb4 76. Rf7 g6 77. Rg7 Rc4
78. Rxg6 Kxb7 79. Rxg5 Kc7 80. Rf5 Kd7 81. h4 Ke7 82. h5 Rc6 83. Kg4 Rf6 84.
Rb5 Kf7 85. Kg5 Rc6 86. Rb7+ Kg8 87. Rb5 Ra6 1/2-1/2

[Event "Muensterland Regionalliga 2122"]
[Site "Germany"]
[Date "2021.10.02"]
[Round "1.4"]
[White "Farwick, Christian"]
[Black "Ter Horst, Carsten"]
[Result "1/2-1/2"]
[WhiteElo "1861"]
[BlackElo "1880"]
[PlyCount "34"]
[EventDate "2021.??.??"]
[EventType "team"]
[EventRounds "11"]
[EventCountry "GER"]
[SourceTitle "Verband Muensterland"]
[SourceDate "2021.10.03"]
[SourceVersion "1"]
[SourceVersionDate "2021.10.03"]
[SourceQuality "1"]
[WhiteTeam "Borken"]
[BlackTeam "Ahaus Wessum"]
[WhiteTeamCountry "GER"]
[BlackTeamCountry "GER"]

1. d4 d5 2. Bf4 Nf6 3. Nd2 Bf5 4. e3 e6 5. Bd3 Bxd3 6. cxd3 Bd6 7. Bxd6 Qxd6 8.
Qb3 b6 9. Ngf3 O-O 10. Rc1 Nbd7 11. O-O c5 12. Qa3 Rfc8 13. Rc2 Qc6 14. Rfc1
Qb7 15. Nb3 cxd4 16. Nbxd4 Rxc2 17. Rxc2 Rc8 1/2-1/2

[Event "Muensterland Regionalliga 2122"]
[Site "Germany"]
[Date "2021.10.02"]
[Round "1.5"]
[White "Gulik, Michal"]
[Black "Boldrick, Marcel"]
[Result "1-0"]
[WhiteElo "1732"]
[BlackElo "1679"]
[PlyCount "135"]
[EventDate "2021.??.??"]
[EventType "team"]
[EventRounds "11"]
[EventCountry "GER"]
[SourceTitle "Verband Muensterland"]
[SourceDate "2021.10.03"]
[SourceVersion "1"]
[SourceVersionDate "2021.10.03"]
[SourceQuality "1"]
[WhiteTeam "Ahaus Wessum"]
[BlackTeam "Borken"]
[WhiteTeamCountry "GER"]
[BlackTeamCountry "GER"]

1. c4 Nf6 2. Nc3 b6 3. e4 e5 4. Nf3 Nc6 5. g3 Bb7 6. Bg2 Bb4 7. d3 h6 8. O-O
O-O 9. Nd5 Re8 10. Be3 Bc5 11. Nh4 Nxd5 12. exd5 Nd4 13. Qg4 Qf6 14. Bxd4 Bxd4
15. Qxd7 Re7 16. Qf5 Qd6 17. Qh5 Bc8 18. Qe2 Bd7 19. h3 Rae8 20. Nf3 Bc5 21.
Nd2 Qg6 22. Kh2 f5 23. a3 a5 24. Rab1 h5 25. Bf3 Qh6 26. Bxh5 g6 27. Bf3 Rh7
28. Bg2 g5 29. b4 axb4 30. axb4 Bd6 31. Rh1 Qf8 32. b5 Bc5 33. Nb3 Bd6 34. Kg1
Qf6 35. Qd2 Rf8 36. d4 e4 37. c5 Be7 38. Qe2 bxc5 39. dxc5 Qe5 40. d6 cxd6 41.
c6 Be6 42. Qd2 Qxb5 43. Qc2 Qe5 44. Bf1 e3 45. Nc1 f4 46. g4 exf2+ 47. Qxf2 Qc3
48. Bd3 Rh6 49. Qf3 Qc5+ 50. Kg2 Bd5 51. Be4 Bxe4 52. Qxe4 d5 53. Qd3 f3+ 54.
Kf1 Rxc6 55. Nb3 Qd6 56. Nd4 Rb6 57. Rxb6 Qxb6 58. Nf5 Rxf5 59. gxf5 Qc5 60.
Qxf3 Qc1+ 61. Kg2 Qd2+ 62. Qf2 Qc3 63. Re1 Bc5 64. Re8+ Kf7 65. Qe2 Qf6 66.
Qh5+ Kg7 67. Qh8+ Kf7 68. Qg8# 1-0

[Event "Muensterland Regionalliga 2122"]
[Site "Germany"]
[Date "2021.10.02"]
[Round "1.6"]
[White "Klueppel, Ralf"]
[Black "Terdues, Guido"]
[Result "1-0"]
[WhiteElo "1783"]
[BlackElo "1741"]
[PlyCount "58"]
[EventDate "2021.??.??"]
[EventType "team"]
[EventRounds "11"]
[EventCountry "GER"]
[SourceTitle "Verband Muensterland"]
[SourceDate "2021.10.03"]
[SourceVersion "1"]
[SourceVersionDate "2021.10.03"]
[SourceQuality "1"]
[WhiteTeam "Borken"]
[BlackTeam "Ahaus Wessum"]
[WhiteTeamCountry "GER"]
[BlackTeamCountry "GER"]

1. d4 f5 2. Nf3 Nf6 3. g3 e6 4. Bg2 d5 5. b3 Be7 6. O-O O-O 7. Ba3 Nbd7 8. Bxe7
Qxe7 9. c4 b6 10. Nbd2 Bb7 11. Qc2 c5 12. e3 g6 13. Qb2 Rac8 14. Rfd1 Rc7 15.
Rac1 Rfc8 16. Ne5 Qg7 17. h3 g5 18. Nxd7 Nxd7 19. cxd5 exd5 20. Nf3 Re8 21. Qd2
Nf6 22. dxc5 bxc5 23. Qa5 Ne4 24. Nd4 Rf7 25. Ne2 g4 26. h4 Qb2 27. Bxe4 Qxe2
28. Rd2 Qxd2 29. Qxd2 dxe4 1-0

[Event "Muensterland Regionalliga 2122"]
[Site "Germany"]
[Date "2021.10.02"]
[Round "1.7"]
[White "Woltering, Martin"]
[Black "Schmidt, Sebastian"]
[Result "0-1"]
[WhiteElo "1789"]
[BlackElo "1627"]
[PlyCount "106"]
[EventDate "2021.??.??"]
[EventType "team"]
[EventRounds "11"]
[EventCountry "GER"]
[SourceTitle "Verband Muensterland"]
[SourceDate "2021.10.03"]
[SourceVersion "1"]
[SourceVersionDate "2021.10.03"]
[SourceQuality "1"]
[WhiteTeam "Ahaus Wessum"]
[BlackTeam "Borken"]
[WhiteTeamCountry "GER"]
[BlackTeamCountry "GER"]

1. e4 e5 2. Bc4 Nc6 3. Nc3 Nf6 4. d3 Na5 5. Bb3 Nxb3 6. axb3 h6 7. Be3 a6 8.
Nf3 d6 9. h3 Be7 10. O-O O-O 11. Nh2 Nh7 12. f4 exf4 13. Bxf4 f5 14. Qd2 fxe4
15. dxe4 Be6 16. Nf3 Nf6 17. Nd4 Qd7 18. Rae1 Nh5 19. Nxe6 Qxe6 20. Nd5 Nxf4
21. Nxf4 Qe5 22. Qd5+ Qxd5 23. Nxd5 Rxf1+ 24. Rxf1 Bd8 25. c3 c6 26. Ne3 Bb6
27. Kf2 Re8 28. Kf3 d5 29. Nf5 Rxe4 30. Nd6 Re3+ 31. Kg4 Re2 32. Nc8 Bc5 33. b4
Bf8 34. g3 Rxb2 35. Nb6 Re2 36. Nd7 Bd6 37. Rf3 Re7 38. Nb6 Re4+ 39. Kh5 Kh7
40. g4 g6+ 41. Kh4 Kg7 42. Nc8 Be7+ 43. Kg3 Bf6 44. Kf2 d4 45. Nd6 dxc3 46.
Nxe4 c2 47. Nxf6 c1=Q 48. Ne8+ Kh8 49. Rf8+ Kh7 50. g5 Qd2+ 51. Kf1 Qd3+ 52.
Kf2 Qd2+ 53. Kf1 hxg5 0-1

[Event "Muensterland Regionalliga 2122"]
[Site "Germany"]
[Date "2021.10.02"]
[Round "1.8"]
[White "Suehling, Rasmus Gabriel"]
[Black "Parameswaran, Vithushan"]
[Result "0-1"]
[WhiteElo "1630"]
[BlackElo "1798"]
[PlyCount "46"]
[EventDate "2021.??.??"]
[EventType "team"]
[EventRounds "11"]
[EventCountry "GER"]
[SourceTitle "Verband Muensterland"]
[SourceDate "2021.10.03"]
[SourceVersion "1"]
[SourceVersionDate "2021.10.03"]
[SourceQuality "1"]
[WhiteTeam "Borken"]
[BlackTeam "Ahaus Wessum"]
[WhiteTeamCountry "GER"]
[BlackTeamCountry "GER"]

1. e4 e5 2. Nf3 Nc6 3. d4 exd4 4. Nxd4 Bc5 5. Be3 Qf6 6. c3 Nge7 7. Bc4 d6 8.
h3 Qg6 9. Qf3 Ne5 10. Bxf7+ Qxf7 11. Qxf7+ Nxf7 12. Nb5 Bxe3 13. fxe3 Kd8 14.
O-O Ne5 15. Nd2 Be6 16. Nd4 Kd7 17. b3 Rhf8 18. N2f3 Nxf3+ 19. Nxf3 Rae8 20.
Rad1 Kc8 21. Kh2 Nc6 22. Ng5 Rxf1 23. Rxf1 Bg8 0-1

[Event "Muensterland Regionalliga 2122"]
[Site "Germany"]
[Date "2021.10.02"]
[Round "1.2"]
[White "Reckzuegel, Philipp"]
[Black "Liesmann, Karsten"]
[Result "1/2-1/2"]
[WhiteElo "1928"]
[BlackElo "1980"]
[PlyCount "32"]
[EventDate "2021.??.??"]
[EventType "team"]
[EventRounds "11"]
[EventCountry "GER"]
[SourceTitle "Verband Muensterland"]
[SourceDate "2021.10.03"]
[SourceVersion "1"]
[SourceVersionDate "2021.10.03"]
[SourceQuality "1"]
[WhiteTeam "Gronau"]
[BlackTeam "Bocholt"]
[WhiteTeamCountry "GER"]
[BlackTeamCountry "GER"]

1. d4 e6 2. c4 f5 3. Nf3 Nf6 4. Nc3 Bb4 5. Bd2 O-O 6. g3 b6 7. Bg2 Bb7 8. O-O
Na6 9. a3 Be7 10. Rc1 c5 11. e3 Qc8 12. Qe2 Bc6 13. Ne5 Bxg2 14. Kxg2 d6 15.
Nf3 Qb7 16. Kg1 Ne4 1/2-1/2

[Event "Muensterland Regionalliga 2122"]
[Site "Germany"]
[Date "2021.10.02"]
[Round "1.3"]
[White "Naumann, Felix"]
[Black "Hoge, Torsten"]
[Result "1-0"]
[WhiteElo "1908"]
[BlackElo "1902"]
[PlyCount "81"]
[EventDate "2021.??.??"]
[EventType "team"]
[EventRounds "11"]
[EventCountry "GER"]
[SourceTitle "Verband Muensterland"]
[SourceDate "2021.10.03"]
[SourceVersion "1"]
[SourceVersionDate "2021.10.03"]
[SourceQuality "1"]
[WhiteTeam "Bocholt"]
[BlackTeam "Gronau"]
[WhiteTeamCountry "GER"]
[BlackTeamCountry "GER"]

1. d4 Nf6 2. Nf3 e6 3. Bf4 b6 4. e3 Bb7 5. Nbd2 Be7 6. Bd3 d6 7. h3 Nbd7 8. O-O
Nf8 9. Bh2 Ng6 10. Rc1 O-O 11. c4 a5 12. b3 Ra7 13. Qc2 Qa8 14. Rfd1 Re8 15. e4
Nd7 16. Nb1 e5 17. Nc3 Ba6 18. dxe5 dxe5 19. Be2 Bd6 20. Rd2 Nf6 21. Rcd1 Bb4
22. Bd3 Bxc3 23. Qxc3 Bb7 24. Nxe5 Bxe4 25. f3 Bxd3 26. Rxd3 Qc8 27. c5 b5 28.
Nc6 Ra6 29. Nxa5 c6 30. Rd6 Ne7 31. b4 Nfd5 32. Qb2 Nf5 33. R6xd5 cxd5 34. Rxd5
Rae6 35. Bf4 Re1+ 36. Kh2 R1e2 37. Rd2 Rxd2 38. Qxd2 h6 39. Qd3 Re1 40. Qxb5
Qd8 41. Qb8 1-0

[Event "Muensterland Regionalliga 2122"]
[Site "Germany"]
[Date "2021.10.02"]
[Round "1.4"]
[White "Langendijk, Andre"]
[Black "Hunhoff, Sebastian"]
[Result "1-0"]
[WhiteElo "1897"]
[BlackElo "1910"]
[PlyCount "47"]
[EventDate "2021.??.??"]
[EventType "team"]
[EventRounds "11"]
[EventCountry "GER"]
[SourceTitle "Verband Muensterland"]
[SourceDate "2021.10.03"]
[SourceVersion "1"]
[SourceVersionDate "2021.10.03"]
[SourceQuality "1"]
[WhiteTeam "Gronau"]
[BlackTeam "Bocholt"]
[WhiteTeamCountry "GER"]
[BlackTeamCountry "GER"]

1. c4 Nf6 2. Nc3 e5 3. g3 g6 4. Nf3 d6 5. Bg2 Bg7 6. d4 Nbd7 7. dxe5 dxe5 8.
O-O O-O 9. b3 Qe7 10. Bg5 c6 11. Qd2 Re8 12. Rad1 Nc5 13. h3 Nce4 14. Nxe4 Nxe4
15. Bxe7 Nxd2 16. Rxd2 Rxe7 17. Rd8+ Bf8 18. Rfd1 f6 19. Nd2 Kf7 20. Ne4 Rc7
21. h4 h6 22. c5 f5 23. Nd6+ Ke7 24. Re8+ 1-0